00738nam a22002297a 450000500170000001000130001702000230003003500110005303700160006404000120008008200150009210000270010724500460013426000390018027000550021930000270027465000190030165000190032094200240033999900190036395201260038220170124110030.0 aB-108039 c100.00a8190240358 a171944 bCen Lib/Ret aDPLbEN a599.8bJAI aJain, Narendra 921608 aThe Primate behaviour /cby Narendra Jain aJaipurbRudraksh Tradelinks c2005 aR-15A, Yudhisthir Marg, C- Scheme bJaipure302001 a88p. :c20cm(Hb)bill. aAnimals921609 aZoology921610 2ddccENh599.8mJAI c127811d127811 00104070aLbLd2015-06-30eCen Lib/Retg100.00l0o599.8 JAIpB-108039r2015-06-30 00:00:00t1v100.00w2015-06-30yEN